000 00605nam a22001817a 4500
005 20251108165259.0
008 250721s1994 xx 000 0 ara d
082 1 4 _a956.94/فدا
100 1 _aعارف، أبو الفداء محمد عزت محمد
245 1 0 _aأريحا المدينة الملعونة :
_bماذا يخطط اليهود لفلسطين حتى عام 2000 /
264 1 _aالقاهرة :
_bدار الإعتصام،
_c1994.
300 _a111ص
650 1 7 _aاليهود
650 1 7 _aالتاريخ
650 1 7 _aتاريخ فلسطين
942 _2ddc
_cBK
999 _c24000
_d24000